Statistiques concernant Participants Frenchie Shore

Cliquez ici pour prendre le quiz!

Statistiques générales

  • Ce quiz a été pris 33 fois
  • Le résultat moyen est 8 sur 10

Statistiques - réponses

Nom% Correct
Julie
97%
Ouryel
97%
Kara
90%
Melvin
90%
Iris
83%
Tristan
83%
Pépita
79%
Enzo
72%
Théo
69%
Nicolas
59%

Distribution des résultats

Percentile par nombre de réponses

% des personnes avec chaque résultat

Votre développement - résultats

Vous n’avez pas pris ce quiz